00423 2200157 4500001002100000005001500021035002000036245008500056100002600141300001200167260003000179082000800209084001400217020002200231990001200253INLIS00000000000161720250424114429 a0010-04250000331 aPanduan Terlengkap Tumbuh Kembang Anak Usia 0 - 5 Tahun /cNurul Chomaria, S.Psi0 aNurul Chomaria, S.Psi a248 hlm aSurakarta :bCinta,c2015 a100 a100 NUR p a978-602-317-075-3 a0754715